000
00422nam a22001817a 4500
003
MPLRDC
005
20220104123833.0
008
210129b ||||| |||| 00| 0 eng d
082
_a
857.6 SN
100
_a
桑妮编
245
_a
香港小小说选
_c
250
_a
初版
260
_a
_b
绿洲出版公司
_c
1986
300
_b
平
490
_a
金合欢文丛
650
_a
短篇小说
942
_c
BK
_o
857.6 SN
999
_c
14590
_d
14580